Elements of mechanics of materials (Record no. 6596)

000 -LEADER
fixed length control field 00580nam a22002051 4500
001 - CONTROL NUMBER
control field 6129579
003 - CONTROL NUMBER IDENTIFIER
control field BD-DhUET
008 - FIXED-LENGTH DATA ELEMENTS--GENERAL INFORMATION
fixed length control field 730221s1966 njua b 000 0 eng
040 ## - CATALOGING SOURCE
Original cataloging agency DLC
Transcribing agency ODaWU
Modifying agency OCoLC
-- Uk
-- BD-DhUET
050 00 - LIBRARY OF CONGRESS CALL NUMBER
Classification number TA405
Item number .O37 1966
082 ## - DEWEY DECIMAL CLASSIFICATION NUMBER
Classification number 620.11
Item number OLS/1966
100 1# - MAIN ENTRY--PERSONAL NAME
Personal name Olsen, Gerner A.
245 10 - TITLE STATEMENT
Title Elements of mechanics of materials
Statement of responsibility, etc. by Gerner A. Olsen
250 ## - EDITION STATEMENT
Edition statement 2d ed.
260 ## - PUBLICATION, DISTRIBUTION, ETC. (IMPRINT)
Place of publication, distribution, etc. New Jersey
Name of publisher, distributor, etc. Prentice-Hall
Date of publication, distribution, etc. 1966
300 ## - PHYSICAL DESCRIPTION
Extent xxii, 591 p.
Other physical details illus.
Dimensions 24 cm.
504 ## - BIBLIOGRAPHY, ETC. NOTE
Bibliography, etc includes bibliographics
650 #0 - SUBJECT ADDED ENTRY--TOPICAL TERM
Topical term or geographic name as entry element Strength of materials
942 ## - ADDED ENTRY ELEMENTS (KOHA)
Koha item type General Book
Holdings
Sublocation or collection (holding branch) Not for loan Shelving location Koha full call number Koha normalized classification for sorting Koha date last seen Location (home branch) Withdrawn status Price effective from Koha item type Lost status Piece designation (barcode) Date acquired Damaged status Source of classification or shelving scheme Koha date last borrowed Koha issues (times borrowed) Copy number
Central Library, BUET Circulation section620.11 /OLS/1966620_110000000000000_OLS_19662014-12-04Central Library, BUET 2014-12-04Contented Book  292212014-12-04    28
Central Library, BUET Circulation section620.11 /OLS/1966620_110000000000000_OLS_19662018-12-04Central Library, BUET 2014-12-04Contented Book  292162014-12-04  2018-11-20123
Central Library, BUET Circulation section620.11/OLS/1966620_110000000000000_OLS_19662022-10-01Central Library, BUET 2014-12-04Contented Book  292062014-12-04  2022-08-29113
Central Library, BUET Circulation section620.11/OLS/1966620_110000000000000_OLS_19662014-12-04Central Library, BUET 2014-12-04Contented Book  198462014-12-04    4
Central Library, BUET Circulation section620.11/OLS/1966620_110000000000000_OLS_19662022-07-23Central Library, BUET 2014-12-04Contented Book  524062014-12-04  2022-06-2011
Central Library, BUET Reading section620.11/OLS/1966620_110000000000000_OLS_19662015-06-16Central Library, BUET 2015-06-16Reading Item 139172015-06-16    6
Central Library, BUET Reading section620.11/OLS/1966620_110000000000000_OLS_19662015-06-29Central Library, BUET 2015-06-29Reading Item 292272015-06-29    8